Statistics for Biggest Land-Locked Cities In The World

Click here to take the quiz!

General Stats

  • This quiz has been taken 173 times
  • The average score is 18 of 38

Answer Stats

PopulationCity% Correct
19,463,000Mexico City
86%
15,512,000Moscow
84%
10,755,000Paris
79%
22,242,000New Delhi
78%
17,816,000Beijing
76%
9,121,000Chicago
71%
8,586,000London
68%
5,427,000Madrid
64%
17,011,000Cairo
63%
5,874,000Dallas
62%
7,618,000Johannesburg
61%
6,139,000Toronto
57%
7,419,000Tehran
53%
9,046,000Kinshasa
50%
7,743,000Lahore
48%
20,186,000Sao Paulo
48%
8,670,000Bangalore
47%
8,702,000Bogota
45%
6,204,000Baghdad
44%
5,037,000Riyadh
44%
5,253,000Xi'an
44%
5,232,000Milan
40%
7,895,000Chengdu
39%
14,000,000Dhaka
39%
14,374,000Kolkata
39%
6,321,000Chongqing
37%
7,903,000Hyderabad
35%
6,015,000Santiago
35%
7,304,000*The Ruhr
33%
6,995,000Wuhan
32%
5,474,000Philadelphia
31%
6,482,000Ahmedabad
28%
5,156,000Pune
26%
5,455,000Nanjing
21%
8,314,000Ho Chi Minh City
19%
5,523,000Belo Horizonte
18%
5,553,000Shenyang
18%
8,338,000Taipei
10%

Score Distribution

Percentile by Number Answered

Percent of People with Each Score

Your Score History

You have not taken this quiz